000 00774nmm a2200277 a 4500
003 AR-BaBNM
005 20251128211126.0
008 202120s2001 ||||||||||||||000 | spa||
020 _a950-808-311-5
040 _cAR-BaBNM
245 1 0 _aCuentos, leyendas y coplas populares latinoamericanas
260 _aRosario
_bHomo Sapiens Ediciones
_c2001
300 _a121 p.
504 _aContiene referencias bibliográficas
650 4 _aLITERATURA INFANTIL
650 4 _aLITERATURA POPULAR
650 4 _aLEYENDAS
650 4 _aLITERATURA LATINOAMERICANA
650 4 _aCOSTUMBRES Y TRADICIONES
650 4 _aLITERATURA FOLKLORICA
650 4 _aFABULAS
655 _aLITERATURA
700 1 _aMiretti, María Luisa
_ecompilador
942 _cBK
998 _cMARTIN
999 _c18347
_d18347